| 000 | 00650nam a22002057a 4500 | ||
|---|---|---|---|
| 003 | OSt | ||
| 005 | 20151116163604.0 | ||
| 008 | 141211b xxu||||| |||| 00| 0 eng d | ||
| 040 | _cBMC | ||
| 082 | _a891.7 | ||
| 100 | 1 |
_9133 _aDostoevskiï, Fiodor Mijaïlovich _d1821-1881 |
|
| 245 | 1 | 3 |
_aEl jugador _cFedor Dostoievski ; prólogo de Carlos Pujol ; [traducción del ruso por José Laín Entralgo] |
| 260 |
_aNavarra _bSalvat _c1971 |
||
| 300 |
_a188 p. _c19 cm |
||
| 490 |
_aBiblioteca Básica Salvat _v3 |
||
| 650 | 2 | 4 |
_929314 _aNovela rusa |
| 700 | 1 |
_aPujol, Carlos _d1936-2012 _929341 |
|
| 700 | 1 |
_aLaín Entralgo, José _926028 |
|
| 942 |
_2ddc _cBK |
||
| 999 |
_c16709 _d16709 |
||